| 000 | 01159nam a2200217 a 4500 | ||
|---|---|---|---|
| 001 | 55616 | ||
| 005 | 20180714051013.0 | ||
| 008 | 140415s2008 mx 000 0 spa d | ||
| 020 | _a9789709720501 | ||
| 041 | _aspa | ||
| 082 |
_a001.42 _bMAR |
||
| 100 | 1 | _aMartínez Aurioles, Bernardo,. | |
| 245 | 1 | 0 | _aCOMO ORGANIZAR UN TRABAJO DE INVESTIGACION |
| 250 | _a3a ed. | ||
| 260 |
_aMEXICO : _bUNIVERSIDAD IBEROAMERICANA PUEBLA, _c2008 |
||
| 300 |
_a613 _c17 x 0.5 x 22.9 |
||
| 520 | _aESTE LIBRO PRESENTA, EN FORMA ESQUEMATICA Y COMO UNA GUIA, LOS ELEMENTOS BASICOS DEL PROCESO DE INVESTIGACION. SIN PRETENDER QUE SEA UN LIBRO DE TEXTO, DESEAMOS QUE EL ESTUDIANTE ENCUENTRE AQUI UN MEDIO DE APRENDIZAJE O DESARROLLO PARA IR REALIZANDO, POR SI MISMO, SUS INVESTIGACIONES, Y LO LLEVE, CUANDO ENCUENTRE CONCEPTOS O TEORIAS QUE DESCONOZCA O NO COMPRENDA, A LA CONSULTA DE OTRAS FUENTES BIBLIOGRAFICAS O A LOS EXPERTOS QUE LE AYUDEN A PROFUNDIZAR EN SU APRENDIZAJE. | ||
| 650 | 1 | 4 |
_aINVESTIGACION _xMETODOLOGIA _xINVESTIGACION _xESTUDIO Y ENSEANZA |
| 700 | 1 |
_aHINOJOSA R., GUILLERMO _epról. |
|
| 700 | 1 |
_aAlmeida Acosta, F. H. Eduardo, _ecoaut. |
|
| 999 |
_c55616 _d55616 |
||